000 nkm a22 a 4500
999 _c346194
_d346194
003 BLK
005 20230209163825.0
008 191025b bu ||||| |||| 00| 0 bu d
040 _aBLK
041 _aBUL
_cBUL
080 _aПортретна фотография
_b77.041.5
_z77.041.5
080 _aБългарски фолклорист, литературен историк, етнограф
_b929 Арнаудов, Михаил Петров
245 _aМихаил Арнаудов
300 _c18 Х 24 см
380 _a7
490 _9396381
_aЧастна колекция - Академик Михаил Арнаудов
_gДарение - Основен фонд
505 _tПортрет на Михаил Арнаудов - бюст. Няма данни кога е направена снимката - 2 екз.
852 _aМА 5064
942 _2udc
_cPHO
_n0
_s1
_01
999 _d346194